000 00450nam a2200181Ia 4500
001 18410
005 20260306171628.0
008 260306s9999||||xx |||||||||||||| ||und||
041 _aESP
082 _a658.4038011
_bL29 2016
100 _aLaudon, Kenneth C.
_eAUT
245 0 _aSistemas de información gerencial
260 _c2016
300 _avarias paginaciones : :
_c27 cm.
650 _aGEN
654 _aCAN
942 _cLIB
_dJUS
_fJUS
_2ddc
_n
999 _c18410
_d18410